| 000 | 00430nam a2200145 a 4500 | ||
|---|---|---|---|
| 001 | 5095 | ||
| 003 | CDMR | ||
| 005 | 20130314171817.0 | ||
| 008 | 130130s1990||||||||||||||||||||||||||||d | ||
| 040 |
_aCDMR _bcat _cCDMR |
||
| 245 | 0 | 3 |
_aLa tramontana _b: número extraordinari dedicat a la Revolució de 1789 |
| 250 | _a[Ed. facsímil] | ||
| 260 |
_aBarcelona _c1990 _bAssociació d'Amics de la Biblioteca Pública Arús |
||
| 942 |
_cMON _2udc |
||
| 999 |
_c5095 _d5095 |
||